那覇空港を発着する路線 - Statistics

General Stats
  • This quiz has been taken 33 times
  • The average score is 32 of 39
Answer Stats
国名 Answer % Correct
日本 新千歳
100%
日本 仙台
100%
日本 成田
100%
日本 東京
100%
日本 大阪
100%
日本 福岡
100%
日本 鹿児島
100%
日本 関西
95%
日本 神戸
95%
日本 広島
95%
日本 宮崎
95%
日本 石垣
95%
日本 静岡
90%
日本 中部
90%
日本 松山
90%
日本 熊本
90%
日本 宮古島
90%
外国 台北/桃園
90%
外国 北京/首都
90%
外国 上海/桃園
90%
日本 岡山
85%
日本 高松
85%
日本 奄美
85%
日本 茨城
80%
日本 小松
80%
日本 岩国
80%
日本 南大東
80%
日本 北大東
80%
日本 与那国
80%
外国 ソウル/仁川
80%
外国 釜山
75%
日本 久米島
70%
日本 与論
65%
日本 下地島
65%
外国 高雄
65%
外国 バンコク/ドンムアン
65%
外国 シンガポール
60%
日本 沖永良部
55%
外国 福州
5%
No matching quizzes found
Score Distribution
Percent of People with Each Score
Percentile by Number Answered
Your Score History
You have not taken this quiz